Moshi Monsters Discography - Statistics

General Stats
  • This quiz has been taken 2 times
  • The average score is 10 of 28
Answer Stats
Year Type Answer % Correct
2013 Album Moshi Monsters: The Movie Soundtrack
100%
2012 Album Music Rox!
100%
2012 Single Uptown Fifi
100%
2013 Single Bad To The Biscuit
50%
2013 Single Head Over Heels
50%
2010 Single Hey Moshi!
50%
2012 Single I Heart Moshlings
50%
2012 Single Moptop Tweenybop (My Hairs Too Long)
50%
2012 EP Moptop Tweenybop (My Hairs Too Long)
50%
2011 Single Moshi Moshi Moshi!
50%
2011 Single Moshi Twistmas
50%
2012 EP Moshi Twistmas
50%
2011 Single Ponies!
50%
2014 Single Sneezing Channels/ShiShi's Lullaby
50%
2011 Single The Doctor Will See You Now
50%
2012 Single The Missy Kix Dance
50%
2011 Single The Moshi Dance
50%
2012 Single Bongo Colada
0%
2012 Single Diggin' Ya Lingo
0%
2015 Single Four Claw Hi Yaa Hurricane
0%
2011 Single Go Do The Hoodoo
0%
2012 Single Moptop Tweenybop (My Hairs Too Long) (Zommer Rox Remix)
0%
2012 Single Mr Snoodle: Do The Doodle!
0%
2013 EP Pooky Blingo Zack Binspin
0%
2014 Single Shoney the Amazin' Blazin' Raisin
0%
2012 Single The I.G.G.Y Chomp
0%
2013 Single The Pooky Song (Eggshells)
0%
2014 Single Trapped In Gummy!
0%
No matching quizzes found
Score Distribution
Percent of People with Each Score
Percentile by Number Answered
Your Score History
You have not taken this quiz